000 00491nam a2200169 i 4500
001 72111
003 ES-MaACL
005 20251005063049.0
007 t|
008 040826s1952 sp ||||1| spa d
100 1 _aGil Tovar, Francisco,
_d1923-
_956883
245 1 0 _aOcho historias de infelices /
_cF. Gil Tovar.
260 _aMadrid :
_bRumbos,
_c1952 (
_fGráf. S.O.S.)
300 _a123 p., 7 lám. ;
_c18 cm.
852 _aES-MaACL
_jD-8571
_bR.33458
999 _c72111
_d72111